Statistics for Countries that Start and End with the Same Letter

Click here to take the quiz!

General Stats

  • This quiz has been taken 82 times
    (48 since last reset)
  • The average score is 10 of 14

Answer Stats

Oceania% Correct
Australia
98%
Argentina
95%
Albania
77%
Algeria
77%
Andorra
77%
Austria
77%
Armenia
74%
Antigua and Barbuda
72%
Angola
70%
Saint Kitts and Nevis
67%
Solomon Islands
67%
Saint Vincent and the Grenadines
63%
Seychelles
56%
Central African Republic
40%

Score Distribution

Percentile by Number Answered

Percent of People with Each Score

Your Score History

You have not taken this quiz since the last reset